| 000 | 01521cam a22003615a 4500 | ||
|---|---|---|---|
| 999 |
_c330910 _d330910 |
||
| 001 | 16068690 | ||
| 003 | NUST | ||
| 005 | 20180117090028.0 | ||
| 008 | 100126s2011 at a b 001 0 eng | ||
| 010 | _a 2010921404 | ||
| 020 | _a9780495903383 | ||
| 020 | _a0495903388 | ||
| 040 |
_aDLC _cDLC _dDLC |
||
| 050 | 0 | 0 |
_aRJ504 _b.T49 2011 |
| 082 | _a618.928914 HEN | ||
| 100 | 1 |
_aThompson, Charles L. _94088 |
|
| 245 | 1 | 0 |
_aCounseling children / _cCharles L. Thompson, Donna A. Henderson. |
| 250 | _a8th ed. | ||
| 260 |
_aAustralia ; _aUnited States : _bBrooks/Cole Cengage Learnaing, _cc2011. |
||
| 300 |
_axxvi, 738 p. : _bill. ; _c25 cm. |
||
| 504 | _aIncludes bibliographical references and indexes. | ||
| 650 | 0 |
_aChild psychotherapy. _94089 |
|
| 650 | 0 |
_aChildren _xCounseling of. _94090 |
|
| 700 | 1 |
_aHenderson, Donna A. _94091 |
|
| 856 | 4 | 2 |
_3Publisher description _uhttp://www.loc.gov/catdir/enhancements/fy1212/2010921404-d.html |
| 856 | 4 | 1 |
_3Table of contents only _uhttp://www.loc.gov/catdir/enhancements/fy1212/2010921404-t.html |
| 856 | 4 | 2 |
_3Contributor biographical information _uhttp://www.loc.gov/catdir/enhancements/fy1303/2010921404-b.html |
| 906 |
_a7 _bcbc _corigcop _d3 _eepcn _f20 _gy-gencatlg |
||
| 942 |
_2ddc _cBK |
||